System of official texts guiding and assuring the execution of law on foreign investment in Vietnam V.1 = Hệ thống các văn bản hướng dẫn và bảo đảm thi hành luật đầu tư nước ngoài tại Việt Nam T.1. V.1

Na minha lista:
Detalhes bibliográficos
Formato: Livro
Publicado em: The statistics publishing house 1999
Tags: Adicionar Tag
Sem tags, seja o primeiro a adicionar uma tag!
Thư viện lưu trữ: Mạng thư viện Đại học Đà Nẵng
LEADER 00718nam a2200217 a 4500
001 000029763
003 1464
005 20171030145630.0
008 171030s1999
020 |c 39000 
040 |a LTT 
082 0 |a 343.07  |b Sy-O 
245 0 0 |a System of official texts guiding and assuring the execution of law on foreign investment in Vietnam V.1 = Hệ thống các văn bản hướng dẫn và bảo đảm thi hành luật đầu tư nước ngoài tại Việt Nam T.1.  |n V.1 
260 |b The statistics publishing house  |c 1999 
OWN |a LTT 
999 |a From the UDN01 
TYP |a Monograph 
TYP |a Printed language 
980 |a Mạng thư viện Đại học Đà Nẵng